[Event "AUTO-MASTER-1905"]
[Site "http://www.queenalice.com/game.php?id=1198942"]
[Date "2013.7.11"]
[Round "1"]
[White "akmaster"]
[Black "jovelino"]
[Result "1-0"]
[WhiteElo "2101"]
[BlackElo "2205"]

1. Nf3 c5 2. g3 d6 3. d4 cxd4 4. Nxd4 Nf6 5. Bg2 Qc7 6. O-O Nc6 7. c4 g6 8. Nc3
a6 9. Bg5 Bg7 10. Bxf6 exf6 11. Nd5 Qd8 12. Nxc6 O-O 13. Nxd8 1-0

[Event "AUTO-MASTER-1906"]
[Site "http://www.queenalice.com/game.php?id=1199432"]
[Date "2013.7.13"]
[Round "1"]
[White "joaopnunes"]
[Black "akmaster"]
[Result "0-1"]
[WhiteElo "2130"]
[BlackElo "2100"]

1. Nf3 d5 2. d4 Nf6 3. c4 e6 4. g3 c6 5. Bg2 Be7 6. O-O O-O 7. b3 Nbd7 8. Ba3 b6
9. Bxe7 Qxe7 10. Nbd2 Rb8 11. Qc2 Bb7 12. Rfd1 Rfc8 13. e4 e5 14. dxe5 Nxe5 15.
exd5 cxd5 16. Nxe5 Qxe5 17. Qd3 d4 18. Bxb7 Rxb7 19. Nf3 Qh5 20. Qxd4 Re8 21.
Qc3 Rbe7 22. Re1 Ne4 23. Qd3 Kf8 24. Nd4 Nxf2 25. Qd2 Ne4 26. Qb4 Qg4 27. Nc6
Nxg3 28. Nxe7 Ne4+ 29. Kf1 Rxe7 30. Rxe4 Qxe4 31. Re1 Qh1+ 32. Kf2 Qxh2+ 33. Kf3
Qh3+ 0-1

[Event "AUTO-MASTER-1906"]
[Site "http://www.queenalice.com/game.php?id=1199433"]
[Date "2013.7.13"]
[Round "1"]
[White "akmaster"]
[Black "joaopnunes"]
[Result "1-0"]
[WhiteElo "2081"]
[BlackElo "2158"]

1. e4 e5 2. Nf3 Nf6 3. Nxe5 d6 4. Nf3 Nxe4 5. d4 Be7 6. Bd3 d5 7. O-O O-O 8. Re1
Nf6 9. Bg5 Nbd7 10. c4 dxc4 11. Bxc4 Nb6 12. Bb3 c6 13. Nc3 Nbd5 14. Ne5 Be6 15.
Bxf6 Bxf6 16. Ne4 Be7 17. Nc5 Bxc5 18. dxc5 Nf4 19. Qf3 Bxb3 20. axb3 Ne6 21.
Rad1 Qg5 22. g3 Nxc5 23. b4 Na4 24. Rd7 Nxb2 25. Nxf7 Qg6 26. Qb3 Rxf7 27. Ree7
Rf8 28. Rxf7 Qb1+ 29. Kg2 Qe4+ 30. Kh3 1-0

[Event "AUTO-MASTER-1906"]
[Site "http://www.queenalice.com/game.php?id=1199448"]
[Date "2013.7.13"]
[Round "1"]
[White "akmaster"]
[Black "colognestar"]
[Result "1-0"]
[WhiteElo "2152"]
[BlackElo "2062"]

1. c4 f5 2. Nc3 Nf6 3. d4 g6 4. g3 Bg7 5. Bg2 O-O 6. Nf3 d6 7. O-O Qe8 8. Re1 e5
9. dxe5 dxe5 10. Qb3 Nc6 11. Rd1 h6 12. Be3 Be6 13. Qxb7 Rb8 14. Qxc7 Rxb2 15.
Rd6 Bd7 16. Nd5 Nxd5 17. cxd5 Nb8 18. Qc1 Rxe2 19. Bxh6 e4 20. Bxg7 Kxg7 21.
Qc3+ Kh6 22. Ne5 Rg8 23. Nxd7 Nxd7 24. Bf1 1-0

[Event "AUTO-MASTER-1906"]
[Site "http://www.queenalice.com/game.php?id=1199449"]
[Date "2013.7.13"]
[Round "1"]
[White "colognestar"]
[Black "akmaster"]
[Result "0-1"]
[WhiteElo "2075"]
[BlackElo "2174"]

1. e4 c5 2. Nc3 e6 3. g3 a6 4. Bg2 Qc7 5. Nge2 Nf6 6. O-O Nc6 7. d3 Be7 8. h3
O-O 9. Be3 b6 10. f4 Bb7 11. g4 Rad8 12. e5 Ne8 13. Qe1 d5 14. exd6 Nxd6 15. Qg3
Bf6 16. f5 Nb4 17. Rac1 Bxg2 18. Kxg2 exf5 19. gxf5 Rfe8 20. a3 Qb7+ 21. Kg1 Nd5
22. Bh6 Nxc3 23. Nxc3 Bd4+ 24. Kh2 Be5 25. Bf4 Nxf5 26. Qg2 Bxf4+ 27. Rxf4 Qc7
28. Qg5 Nd4 29. Kg1 Ne6 0-1

[Event "AUTO-MASTER-1906"]
[Site "http://www.queenalice.com/game.php?id=1199450"]
[Date "2013.7.13"]
[Round "1"]
[White "akmaster"]
[Black "UKopra"]
[Result "1-0"]
[WhiteElo "2148"]
[BlackElo "1868"]

1. Nf3 c5 2. g3 Nc6 3. Bg2 g6 4. O-O Bg7 5. c4 e6 6. Nc3 Nge7 7. d3 b5 8. Nxb5
O-O 9. Rb1 d5 10. Bg5 h6 11. Be3 d4 12. Bd2 a6 13. Na3 Rb8 14. Nc2 Bb7 15. a3
Kh7 16. b4 cxb4 17. Nxb4 Qd6 18. Qa4 Ne5 19. Nxe5 Bxg2 20. Kxg2 Bxe5 21. Nxa6
Ra8 22. Bb4 Qxa6 23. Qxa6 Rxa6 24. Bxe7 Re8 25. Rb7 Rxa3 26. Bxa3 Kg7 27. Ra1
Bf6 28. Bd6 e5 29. Raa7 e4 30. Rxf7+ 1-0

[Event "AUTO-MASTER-1906"]
[Site "http://www.queenalice.com/game.php?id=1199451"]
[Date "2013.7.13"]
[Round "1"]
[White "UKopra"]
[Black "akmaster"]
[Result "1/2-1/2"]
[WhiteElo "1900"]
[BlackElo "2129"]

1. d4 g6 2. c4 Bg7 3. Nc3 c5 4. d5 Bxc3+ 5. bxc3 f5 6. h4 Nf6 7. h5 Nxh5 8. e4
Nf6 9. exf5 gxf5 10. Bg5 Qa5 11. Bxf6 exf6 12. Kd2 d6 13. Bd3 Nd7 14. Qh5+ Kd8
15. Qxf5 Qa3 16. Ne2 Kc7 17. Nf4 Qb2+ 18. Bc2 Ne5 19. Qxf6 Nxc4+ 20. Kd3 Ne5+
21. Kd2 Nc4+ 22. Kd3 Ne5+ 23. Kd2 Nc4+ 1/2-1/2

[Event "Challenge"]
[Site "http://www.queenalice.com/game.php?id=1206688"]
[Date "2013.8.9"]
[Round "-"]
[White "Said"]
[Black "akmaster"]
[Result "0-1"]
[WhiteElo "2078"]
[BlackElo "2189"]

1. d4 g6 2. Nf3 d6 3. c4 Bg7 4. e4 Nd7 5. Be2 c5 6. O-O cxd4 7. Nxd4 Ngf6 8. Nc3
O-O 9. Be3 Ne5 10. f4 Nfg4 11. Bc1 Nxc4 12. Bxc4 Qb6 13. Ne2 e5 14. fxe5 dxe5
15. h3 exd4 16. Qb3 Ne5 17. Qxb6 axb6 18. Bd5 Nd3 19. Bg5 Be6 20. Bxb7 Ra7 21.
Bd5 Bxd5 22. exd5 Nxb2 0-1

[Event "Os Capis"]
[Site "http://www.queenalice.com/game.php?id=1206689"]
[Date "2013.8.9"]
[Round "-"]
[White "akmaster"]
[Black "Said"]
[Result "1-0"]
[WhiteElo "2211"]
[BlackElo "2066"]

1. Nf3 Nf6 2. c4 c5 3. g3 b6 4. Bg2 Bb7 5. O-O e6 6. Nc3 Be7 7. d4 cxd4 8. Qxd4
Nc6 9. Qd1 a6 10. Bf4 d6 11. Qa4 O-O 12. Nd4 Na5 13. Bxb7 Nxb7 14. Nc6 Qd7 15.
Nxe7+ Qxe7 16. Qb4 Nd7 17. Rfd1 Rac8 18. Bxd6 Nxd6 19. Qxd6 Qxd6 20. Rxd6 Nf6
21. Rxb6 Rxc4 22. Rxa6 Rb8 23. Rd1 g6 24. Rd2 Rcb4 25. b3 Rc8 26. Ra4 Rxa4 27.
Nxa4 Nd5 28. Nb2 Ra8 29. Nc4 Nc3 30. a4 Rb8 31. Kg2 Rxb3 32. Rd3 Kf8 33. a5 1-0

[Event "AUTO-MASTER-1906"]
[Site "http://www.queenalice.com/game.php?id=1248420"]
[Date "2014.1.16"]
[Round "2"]
[White "leduar"]
[Black "akmaster"]
[Result "1-0"]
[WhiteElo "2038"]
[BlackElo "2149"]

1. e4 c5 2. Nf3 e6 3. d4 cxd4 4. Nxd4 a6 5. Nc3 Qc7 6. Be2 Nf6 7. O-O b5 8. Bf3
b4 9. e5 Bb7 10. Ncb5 axb5 11. exf6 gxf6 12. Nxb5 1-0

[Event "AUTO-MASTER-1906"]
[Site "http://www.queenalice.com/game.php?id=1248421"]
[Date "2014.1.16"]
[Round "2"]
[White "akmaster"]
[Black "leduar"]
[Result "0-1"]
[WhiteElo "2165"]
[BlackElo "2016"]

1. e4 e5 2. Nf3 Nc6 3. Bb5 a6 4. Ba4 Nf6 5. O-O Nxe4 6. d4 b5 7. Bb3 d5 8. dxe5
Be6 9. Nbd2 Nc5 10. c3 Nxb3 11. Nxb3 Be7 0-1